[Event "Quebec-ch U16"]
[Site "Montreal"]
[Date "2014.01.19"]
[Round "4"]
[White "Chiku Ratte, Olivier Kenta"]
[Black "Luo, Wei Han"]
[Result "1-0"]
[WhiteElo "2218"]
[BlackElo "1241"]
[PlyCount "57"]
[EventDate "2014.01.17"]
[EventType "tourn"]
[EventRounds "5"]
[EventCountry "CAN"]
[SourceTitle "EXT 2022"]
[Source "ChessBase"]
[SourceDate "2021.10.06"]
[SourceVersion "1"]
[SourceVersionDate "2021.10.06"]
[SourceQuality "1"]

1. d4 Nf6 2. c4 e6 3. Nf3 Bb4+ 4. Bd2 Bxd2+ 5. Qxd2 d5 6. e3 0-0 7. Bd3 c6 8. 0-0 Nbd7 9. Nc3 Qc7 10. Rfc1 Rd8 11. cxd5 exd5 12. b4 a6 13. a4 Nf8 14. Ne5 Be6 15. f4 Ng4 16. Nf3 f5 17. Ne5 Nxe5 18. fxe5 Ng6 19. Qc2 Rf8 20. Rf1 Qf7 21. Ne2 Qe7 22. Qc5 Bd7 23. Nf4 Nxf4 24. Qxe7 Nxd3 25. Qxd7 Nxb4 26. e6 g6 27. e7 Rfe8 28. Rab1 a5 29. g4 1-0

[Event "Quebec-ch U16"]
[Site "Montreal"]
[Date "2014.01.19"]
[Round "5"]
[White "Luo, Wei Han"]
[Black "Shi, Ling Yun"]
[Result "1/2-1/2"]
[WhiteElo "1241"]
[BlackElo "1813"]
[PlyCount "187"]
[EventDate "2014.01.17"]
[EventType "tourn"]
[EventRounds "5"]
[EventCountry "CAN"]
[SourceTitle "EXT 2022"]
[Source "ChessBase"]
[SourceDate "2021.10.06"]
[SourceVersion "1"]
[SourceVersionDate "2021.10.06"]
[SourceQuality "1"]

1. d4 d5 2. c4 e6 3. Nc3 Nf6 4. Bg5 Be7 5. e3 0-0 6. cxd5 exd5 7. Bd3 h6 8. Bxf6 Bxf6 9. Nf3 b6 10. 0-0 Na6 11. a3 c5 12. Qa4 c4 13. Bb1 Nc7 14. e4 b5 15. Qc2 dxe4 16. Nxe4 g6 17. Rd1 Nd5 18. Qd2 Bg7 19. Ne5 Bf5 20. Nc3 Bxb1 21. Raxb1 a6 22. Re1 Re8 23. Nc6 Qd7 24. Nxd5 Qxd5 25. Ne7+ Rxe7 26. Rxe7 Bxd4 27. Qxh6 Bxf2+ 28. Kxf2 Qf5+ 29. Kg3 Qxb1 30. Qd2 Qf5 31. Re2 Rc8 32. h3 Qc5 33. Qc3 Qd6+ 34. Kf2 Rd8 35. Qa5 Qf4+ 36. Kg1 Rd1+ 37. Re1 Qe3+ 38. Kf1 Qd3+ 39. Kf2 Rd2+ 40. Kg1 Qd4+ 41. Kh1 Rd1 42. Rxd1 Qxd1+ 43. Kh2 Qd6+ 44. Kh1 Kf8 45. Qc3 Ke7 46. Qe3+ Qe6 47. Qd4 Qe1+ 48. Kh2 Qe6 49. Kh1 Qd6 50. Qe4+ Kf6 51. Qf3+ Kg7 52. Qe2 f5 53. Qe3 Kf6 54. Qh6 Ke5 55. Qe3+ Kd5 56. Qd2+ Kc6 57. Qa5 Kb7 58. Qc3 Qd1+ 59. Kh2 Qd6+ 60. Kh1 f4 61. Qf3+ Kc7 62. Qa8 Kb6 63. Qe4 a5 64. a4 bxa4 65. Qxc4 Qd1+ 66. Kh2 Qb3 67. Qd4+ Ka6 68. Qf6+ Qb6 69. Qc3 Qd6 70. Qf3 Kb5 71. Qf1+ Kb4 72. Qe1+ Kb3 73. Qc3+ Ka2 74. Kh1 Qb4 75. Qc2 Qxb2 76. Qxa4+ Qa3 77. Qxf4 Kb2 78. Qf6+ Qc3 79. Qb6+ Kc1 80. Qg1+ Kc2 81. Qf2+ Kd1 82. Qa2 Qe1+ 83. Kh2 Qe5+ 84. Kh1 g5 85. Qb1+ Kd2 86. Qa2+ Kd3 87. Qb3+ Ke4 88. Qf3+ Kd4 89. Qd1+ Kc5 90. Qc2+ Kb6 91. Qa4 Qe1+ 92. Kh2 Qb4 93. Qc2 Qd6+ 94. Kh1 1/2-1/2